| 000 | 00923nas a2200277 4500 | ||
|---|---|---|---|
| 001 | BR2011002335 | ||
| 003 | BR-BrBNA | ||
| 005 | 20231205115253.0 | ||
| 007 | ta | ||
| 008 | 230509b bl.|||p| |||| 00| 00por d | ||
| 040 |
_aBR-BrBNA _bpor _cBiblioteca Nacional de Agricultura |
||
| 041 | _a(Pt) | ||
| 072 | _aF02 | ||
| 100 | 1 | _aMalosso, M.G. | |
| 100 | 1 | _aBarbosa, E.P. | |
| 100 | 1 | _aNagao, E.O. | |
| 245 | 1 | _aMicropropagação de jambu [Acmella oleracea (L.)R.K. jansen] | |
| 650 | _aMICROPROPAGAÇÃO | ||
| 650 | _aPLANTA MEDICINAL | ||
| 650 | _aACMELLA OLERACEA | ||
| 650 | _aJAMBU | ||
| 773 | 0 |
_tRevista Brasileira de Plantas Medicinais (Brazil) _xISSN 1516-0572 _g(Aug 2008), v. 10(3) p. 91-95 _wBR2011002335 |
|
| 856 | 4 |
_uhttp://www.ibb.unesp.br/servicos/publicacoes/rbpm/pdf_v10_n3_2008/artigo14_v10n3.pdf _yRecurso eletrônico (PDF) |
|
| 909 |
_a202311 _bLúcia _c55 _dLúcia Elande |
||
| 942 |
_2AGRIS _n0 _cANA |
||
| 999 |
_c212935 _d212935 |
||